000 01577nam a2200349 i 4500
001 94135
003 ES-MaACL
005 20250804105438.0
007 t|
008 050622s2004 sp |||| | spa d
020 _a84-89456-45-3
080 _a316.45
080 _a323.28
080 _a94(460)"15/19"
080 _a821.134.2-14"19"
245 0 0 _aCátedra de Psicología de la Convivencia :
_bSección de Psicología [del Ateneo de Madrid].
_nV. 1, n. 1,
_pCurso 2003-2004.
246 3 _aConvivencia y creatividad
260 _a[Madrid] :
_bCersa,
_c[2004] (
_fCía. Española de Reprografía y Servicios)
300 _a110 p. ;
_c24 cm.
505 8 _aContiene: Psicología de la convivencia y técnicas de grupo / Juan Carlos Olea Cañizares . Las actitudes y el conocimiento de los otros / Mª Pilar Cisneros Britto . El fenómeno del terrorismo desde la perspectiva de las víctimas: [convivencia con la barbarie] / Mª Concepción Martín López . Las leyendas negras / Luis Español Bouché . Poemas / Alejandro Riera
650 4 _aDinámica de grupos.
_911891
650 4 _aTerrorismo-
_xEspaña.
_917495
651 4 _aEspaña-
_xHistoria-
_xLeyenda negra.
_98346
700 1 _aOlea Cañizares, Juan Carlos.
_9172511
700 1 _aCisneros Britto, Pilar
_9172512
700 1 _aMartín López, Concepción.
_9172513
700 1 _aEspañol Bouché, Luis,
_d1964-
_947768
700 1 _aRiera Guignet, Alejandro.
_9172514
710 2 _aAteneo de Madrid.
_bSección de Psicología.
_92008
852 4 _aES-MaACL
_jL-29217
999 _c94135
_d94135